[Event "HSG Open 2016"]
[Site "Hilversum"]
[Date "2016.06.18"]
[Round "5.8"]
[White "Kokje, Joris"]
[Black "Stark, Lars"]
[Result "1-0"]
[BlackElo "2385"]
[WhiteElo "2164"]
[LiveChessVersion "1.4.8"]

1. d4 {[%clk 1:50:17]} Nf6 {[%clk 1:50:15]} 2. c4 {[%clk 1:50:21]} c5
{[%clk 1:50:04]} 3. d5 {[%clk 1:50:22]} e5 {[%clk 1:50:08]} 4. Nc3
{[%clk 1:49:01]} d6 {[%clk 1:50:13]} 5. e4 {[%clk 1:45:48]} Be7 {[%clk 1:50:18]}
6. f4 {[%clk 1:41:36]} exf4 {[%clk 1:49:49]} 7. Bxf4 {[%clk 1:41:36]} O-O
{[%clk 1:49:52]} 8. Nf3 {[%clk 1:32:44]} Bg4 {[%clk 1:44:59]} 9. Be2
{[%clk 1:32:06]} Bxf3 {[%clk 1:44:11]} 10. Bxf3 {[%clk 1:32:09]} Nbd7
{[%clk 1:44:03]} 11. O-O {[%clk 1:26:55]} Ne8 {[%clk 1:43:23]} 12. Bg4
{[%clk 1:19:13]} Ne5 {[%clk 1:41:19]} 13. Bxe5 {[%clk 1:09:25]} dxe5
{[%clk 1:41:14]} 14. Qd3 {[%clk 1:03:26]} a6 {[%clk 1:39:08]} 15. a4
{[%clk 1:00:11]} Nd6 {[%clk 1:37:53]} 16. b3 {[%clk 0:46:16]} Bg5
{[%clk 1:23:26]} 17. Nd1 {[%clk 0:37:21]} Qa5 {[%clk 1:15:40]} 18. Ne3
{[%clk 0:34:43]} Bxe3+ {[%clk 1:13:50]} 19. Qxe3 {[%clk 0:34:47]} Qb4
{[%clk 1:13:39]} 20. a5 {[%clk 0:29:53]} b5 {[%clk 1:13:26]} 21. axb6
{[%clk 0:29:48]} Qxb6 {[%clk 1:12:58]} 22. Bd7 {[%clk 0:29:22]} Ra7
{[%clk 1:08:54]} 23. Bc6 {[%clk 0:26:08]} a5 {[%clk 1:08:52]} 24. h4
{[%clk 0:23:58]} Nc8 {[%clk 1:02:19]} 25. h5 {[%clk 0:22:56]} h6 {[%clk 1:02:07]}
26. Rf3 {[%clk 0:22:30]} Ne7 {[%clk 1:01:19]} 27. Bb5 {[%clk 0:22:09]} Nc8
{[%clk 0:58:51]} 28. Bc6 {[%clk 0:22:02]} Ne7 {[%clk 0:58:20]} 29. Bb5
{[%clk 0:22:07]} Nc8 {[%clk 0:58:25]} 30. Bc6 {[%clk 0:21:35]} Nd6
{[%clk 0:48:59]} 31. Rg3 {[%clk 0:16:58]} Kh8 {[%clk 0:48:25]} 32. Rg4
{[%clk 0:13:49]} f6 {[%clk 0:46:55]} 33. Rg6 {[%clk 0:13:37]} Nf7
{[%clk 0:46:16]} 34. Bb5 {[%clk 0:11:46]} Ng5 {[%clk 0:45:30]} 35. Rf1
{[%clk 0:11:13]} Qd6 {[%clk 0:44:23]} 36. Rf5 {[%clk 0:10:32]} Rb8
{[%clk 0:43:26]} 37. Rfxg5 {[%clk 0:08:01]} hxg5 {[%clk 0:43:28]} 38. Qxg5
{[%clk 0:08:06]} Rxb5 {[%clk 0:35:02]} 39. cxb5 {[%clk 0:08:03]} c4
{[%clk 0:28:54]} 40. Qe3 {[%clk 0:08:08]} Rf7 {[%clk 0:27:15]} 41. bxc4
{[%clk 0:07:49]} Qb4 {[%clk 0:27:23]} 42. h6 {[%clk 0:07:00]} gxh6
{[%clk 0:26:04]} 43. Rxh6+ {[%clk 0:05:03]} Kg7 {[%clk 0:23:44]} 44. Rh3
{[%clk 0:04:55]} Kg8 {[%clk 0:22:59]} 45. Qh6 {[%clk 0:04:11]} Rg7
{[%clk 0:22:03]} 46. Qxf6 {[%clk 0:04:18]} Qe1+ {[%clk 0:21:49]} 47. Kh2
{[%clk 0:04:24]} Qxe4 {[%clk 0:21:27]} 48. Qe6+ {[%clk 0:03:59]} Rf7
{[%clk 0:21:21]} 49. Rg3+ {[%clk 0:03:28]} Kf8 {[%clk 0:20:59]} 50. Qc8+
{[%clk 0:03:32]} Ke7 {[%clk 0:21:02]} 51. Qc7+ {[%clk 0:03:38]} Rf8 1-0

[Event "HSG Open 2016"]
[Site "Hilversum"]
[Date "2016.06.18"]
[Round "5.9"]
[White "Warmerdam, Max"]
[Black "Ni, Viktorija"]
[Result "1/2-1/2"]
[BlackElo "2217"]
[WhiteElo "2382"]
[LiveChessVersion "1.4.8"]

1. e4 {[%clk 1:50:18]} c5 {[%clk 1:48:01]} 2. Nf3 {[%clk 1:50:23]} e6
{[%clk 1:48:03]} 3. d4 {[%clk 1:50:28]} cxd4 {[%clk 1:48:09]} 4. Nxd4
{[%clk 1:50:34]} Nc6 {[%clk 1:48:09]} 5. Nc3 {[%clk 1:50:30]} Qc7
{[%clk 1:48:06]} 6. Be3 {[%clk 1:43:41]} a6 {[%clk 1:48:04]} 7. Qf3
{[%clk 1:43:46]} Bd6 {[%clk 1:47:51]} 8. O-O-O {[%clk 1:43:20]} Be5
{[%clk 1:47:21]} 9. g3 {[%clk 1:43:24]} Nge7 {[%clk 1:46:26]} 10. Qe2
{[%clk 1:43:17]} b5 {[%clk 1:44:58]} 11. f4 {[%clk 1:42:32]} Bxd4
{[%clk 1:44:46]} 12. Bxd4 {[%clk 1:42:39]} Nxd4 {[%clk 1:44:50]} 13. Rxd4
{[%clk 1:42:43]} Rb8 {[%clk 1:44:36]} 14. e5 {[%clk 1:26:40]} O-O
{[%clk 1:27:41]} 15. Bg2 {[%clk 1:23:03]} b4 {[%clk 1:23:33]} 16. Ne4
{[%clk 1:19:51]} Qa5 {[%clk 1:19:33]} 17. Kb1 {[%clk 1:19:36]} Bb7
{[%clk 1:08:34]} 18. Rxd7 {[%clk 0:55:43]} Nd5 {[%clk 1:04:37]} 19. Ka1
{[%clk 0:54:43]} Bc6 {[%clk 1:00:02]} 20. Rd6 {[%clk 0:50:32]} Bb5
{[%clk 0:27:17]} 21. Qd2 {[%clk 0:37:12]} Bc4 {[%clk 0:25:30]} 22. b3
{[%clk 0:35:08]} Nc3 {[%clk 0:22:56]} 23. Nxc3 {[%clk 0:34:57]} bxc3
{[%clk 0:23:02]} 24. Qd1 {[%clk 0:31:32]} Rfc8 {[%clk 0:19:36]} 25. Be4
{[%clk 0:29:12]} Qb4 {[%clk 0:11:14]} 26. Qd4 {[%clk 0:15:23]} g6
{[%clk 0:07:51]} 27. Rb1 {[%clk 0:14:24]} Qa3 {[%clk 0:03:47]} 28. Bd3
{[%clk 0:12:14]} Bb5 {[%clk 0:02:38]} 29. g4 {[%clk 0:09:15]} Bxd3
{[%clk 0:01:49]} 30. Qxd3 {[%clk 0:09:23]} Rb5 {[%clk 0:01:52]} 31. Rd8+
{[%clk 0:00:54]} Rxd8 {[%clk 0:00:45]} 32. Qxd8+ {[%clk 0:01:03]} Kg7
{[%clk 0:00:54]} 33. Qf6+ {[%clk 0:01:10]} Kg8 {[%clk 0:00:59]} 34. Qd8+ Kg7 35.
b4 {[%clk 0:00:28]} Rxb4 {[%clk 0:00:49]} 36. Qf6+ {[%clk 0:00:36]} Kg8
{[%clk 0:00:58]} 37. Qd8+ {[%clk 0:00:45]} 1/2-1/2

[Event "HSG Open 2016"]
[Site "Hilversum"]
[Date "2016.06.18"]
[Round "5.10"]
[White "Wagenvoorde, Guido"]
[Black "Brink, Barry"]
[Result "0-1"]
[BlackElo "2324"]
[WhiteElo "1906"]
[LiveChessVersion "1.4.8"]

1. d4 {[%clk 1:50:18]} Nf6 {[%clk 1:38:44]} 2. c4 {[%clk 1:50:22]} e6
{[%clk 1:38:44]} 3. Nc3 {[%clk 1:50:27]} Bb4 {[%clk 1:37:53]} 4. Nf3
{[%clk 1:50:31]} c5 {[%clk 1:36:14]} 5. g3 {[%clk 1:50:30]} Bxc3+
{[%clk 1:35:15]} 6. bxc3 {[%clk 1:50:35]} Qa5 {[%clk 1:35:19]} 7. Bd2
{[%clk 1:46:37]} b6 {[%clk 1:31:43]} 8. Bg2 {[%clk 1:41:59]} Bb7 {[%clk 1:31:18]}
9. O-O {[%clk 1:41:56]} O-O {[%clk 1:30:33]} 10. Re1 {[%clk 1:38:21]} Qa6
{[%clk 1:27:54]} 11. Qb3 {[%clk 1:32:07]} Nc6 {[%clk 1:25:23]} 12. Ne5
{[%clk 1:02:24]} Nxe5 {[%clk 1:11:46]} 13. dxe5 {[%clk 1:02:23]} Ng4
{[%clk 1:11:38]} 14. Bf4 {[%clk 1:00:12]} Bxg2 {[%clk 1:10:09]} 15. Kxg2
{[%clk 0:59:30]} Qb7+ {[%clk 1:08:59]} 16. f3 {[%clk 0:54:53]} f6
{[%clk 1:06:06]} 17. exf6 {[%clk 0:52:45]} Rxf6 {[%clk 1:05:45]} 18. e4
{[%clk 0:51:22]} e5 {[%clk 1:03:45]} 19. Bc1 {[%clk 0:47:10]} Nxh2
{[%clk 0:53:21]} 20. Kxh2 {[%clk 0:43:26]} Rxf3 {[%clk 0:53:21]} 21. Qd1
{[%clk 0:42:15]} Raf8 {[%clk 0:48:50]} 22. Qd5+ {[%clk 0:40:07]} Qxd5
{[%clk 0:47:30]} 23. exd5 {[%clk 0:38:55]} Rxc3 {[%clk 0:46:27]} 24. Rxe5
{[%clk 0:38:34]} Rf1 {[%clk 0:45:42]} 25. Re7 {[%clk 0:26:49]} Rcxc1
{[%clk 0:38:32]} 26. Rxc1 {[%clk 0:26:54]} Rxc1 {[%clk 0:38:39]} 27. Rxd7
{[%clk 0:26:38]} Rxc4 {[%clk 0:37:44]} 28. Rxa7 {[%clk 0:25:29]} Rd4
{[%clk 0:37:43]} 29. Ra6 {[%clk 0:23:28]} Rxd5 {[%clk 0:37:44]} 30. a4
{[%clk 0:23:32]} Rd4 {[%clk 0:36:06]} 31. a5 {[%clk 0:20:01]} bxa5
{[%clk 0:35:48]} 32. Rxa5 {[%clk 0:20:08]} Rd5 {[%clk 0:35:28]} 33. Ra8+
{[%clk 0:18:37]} Kf7 {[%clk 0:31:50]} 34. Rc8 {[%clk 0:18:33]} Ke6
{[%clk 0:31:14]} 35. Rc7 {[%clk 0:17:45]} Rg5 {[%clk 0:31:11]} 36. Kg2
{[%clk 0:15:58]} Kd5 {[%clk 0:31:08]} 37. Rf7 {[%clk 0:13:55]} c4
{[%clk 0:30:56]} 38. Kf2 {[%clk 0:13:31]} Kd4 {[%clk 0:30:48]} 39. Rf3
{[%clk 0:13:19]} c3 {[%clk 0:27:43]} 40. Ke2 {[%clk 0:13:09]} Kc4
{[%clk 0:27:39]} 41. Kd1 {[%clk 0:12:22]} Kb3 {[%clk 0:27:35]} 42. Kc1
{[%clk 0:11:22]} Rh5 {[%clk 0:26:02]} 43. Rf1 {[%clk 0:11:20]} Rh2
{[%clk 0:25:59]} 44. Kb1 {[%clk 0:09:26]} Rb2+ {[%clk 0:25:46]} 45. Kc1
{[%clk 0:08:38]} Ra2 {[%clk 0:25:37]} 0-1

[Event "HSG Open 2016"]
[Site "Hilversum"]
[Date "2016.06.18"]
[Round "5.11"]
[White "Van Meegen, Ruud"]
[Black "Peng, Zhaoqin"]
[Result "0-1"]
[BlackElo "2379"]
[WhiteElo "2193"]
[LiveChessVersion "1.4.8"]

1. e4 {[%clk 1:50:17]} e6 {[%clk 1:50:17]} 2. d4 {[%clk 1:50:23]} d5
{[%clk 1:50:24]} 3. Nc3 {[%clk 1:50:29]} Nf6 {[%clk 1:50:31]} 4. Bg5
{[%clk 1:50:32]} dxe4 {[%clk 1:50:17]} 5. Nxe4 {[%clk 1:50:30]} Nbd7
{[%clk 1:50:24]} 6. Nf3 {[%clk 1:50:07]} h6 {[%clk 1:50:24]} 7. Nxf6+
{[%clk 1:49:09]} Nxf6 {[%clk 1:50:32]} 8. Bh4 {[%clk 1:48:44]} c5
{[%clk 1:50:21]} 9. dxc5 {[%clk 1:43:56]} Bxc5 {[%clk 1:36:10]} 10. Qxd8+
{[%clk 1:43:36]} Kxd8 {[%clk 1:36:19]} 11. Be2 {[%clk 1:28:36]} Ke7
{[%clk 1:34:50]} 12. Ne5 {[%clk 1:27:37]} g5 {[%clk 1:19:01]} 13. Nd3
{[%clk 1:25:28]} Bb6 {[%clk 1:15:35]} 14. Bg3 {[%clk 1:24:48]} Ne4
{[%clk 1:14:25]} 15. Bf3 {[%clk 1:20:40]} Nxg3 {[%clk 1:14:18]} 16. hxg3
{[%clk 1:20:44]} f5 {[%clk 0:56:58]} 17. g4 {[%clk 1:12:31]} Kf6 {[%clk 0:56:56]}
18. O-O-O {[%clk 1:03:30]} Rb8 {[%clk 0:48:12]} 19. gxf5 {[%clk 0:50:13]} exf5
{[%clk 0:48:04]} 20. c4 {[%clk 0:45:13]} Be6 {[%clk 0:45:03]} 21. Bd5
{[%clk 0:43:12]} Bxd5 {[%clk 0:44:13]} 22. cxd5 {[%clk 0:43:13]} Rbd8
{[%clk 0:42:33]} 23. f4 {[%clk 0:40:33]} Rxd5 {[%clk 0:40:24]} 24. fxg5+
{[%clk 0:40:32]} Kxg5 {[%clk 0:40:27]} 25. Nb4 {[%clk 0:40:00]} Rc8+
{[%clk 0:39:57]} 26. Kb1 {[%clk 0:39:48]} Rxd1+ {[%clk 0:39:59]} 27. Rxd1
{[%clk 0:39:51]} h5 {[%clk 0:36:59]} 28. Rd3 {[%clk 0:39:18]} h4 {[%clk 0:30:13]}
29. Nd5 {[%clk 0:38:04]} Bg1 {[%clk 0:27:18]} 30. Nc3 {[%clk 0:36:46]} Rc7
{[%clk 0:25:03]} 31. Kc2 {[%clk 0:36:39]} Rg7 {[%clk 0:23:34]} 32. Ne2
{[%clk 0:35:16]} Bb6 {[%clk 0:21:11]} 33. Kd1 {[%clk 0:34:22]} Kf6
{[%clk 0:20:30]} 34. Rh3 {[%clk 0:33:47]} Rg4 {[%clk 0:18:38]} 35. g3
{[%clk 0:31:43]} hxg3 {[%clk 0:18:25]} 36. Nxg3 {[%clk 0:31:38]} Ke5
{[%clk 0:15:13]} 37. Ne2 {[%clk 0:28:57]} Rg7 {[%clk 0:13:54]} 38. Nc3
{[%clk 0:21:34]} Bd4 {[%clk 0:13:14]} 39. Rh2 {[%clk 0:20:11]} Bxc3
{[%clk 0:12:05]} 40. bxc3 {[%clk 0:20:15]} Ke4 {[%clk 0:12:09]} 41. Ke2
{[%clk 0:19:46]} f4 {[%clk 0:11:58]} 42. a4 {[%clk 0:19:05]} f3+ {[%clk 0:11:13]}
43. Kf1 {[%clk 0:18:28]} Rc7 {[%clk 0:10:39]} 0-1

[Event "HSG Open 2016"]
[Site "Hilversum"]
[Date "2016.06.18"]
[Round "5.12"]
[White "Straat, Evert-Jan"]
[Black "Lanchava, Tea"]
[Result "1/2-1/2"]
[BlackElo "2265"]
[WhiteElo "2078"]
[LiveChessVersion "1.4.8"]

1. d4 {[%clk 1:47:55]} g6 {[%clk 1:50:08]} 2. c4 {[%clk 1:47:44]} d6
{[%clk 1:50:06]} 3. Nf3 {[%clk 1:47:02]} Nd7 {[%clk 1:49:38]} 4. e4
{[%clk 1:45:48]} c6 {[%clk 1:49:27]} 5. Be2 {[%clk 1:45:16]} e5 {[%clk 1:49:19]}
6. Nc3 {[%clk 1:44:23]} f6 {[%clk 1:48:52]} 7. Be3 {[%clk 1:36:16]} Nh6
{[%clk 1:48:52]} 8. h3 {[%clk 1:36:09]} Nf7 {[%clk 1:48:45]} 9. Qc2
{[%clk 1:31:59]} Bg7 {[%clk 1:48:09]} 10. Rd1 {[%clk 1:23:31]} O-O
{[%clk 1:45:36]} 11. O-O {[%clk 1:20:47]} Qe7 {[%clk 1:44:58]} 12. a3
{[%clk 1:17:46]} Re8 {[%clk 1:43:36]} 13. b4 {[%clk 1:15:37]} Kh8
{[%clk 1:38:30]} 14. Rfe1 {[%clk 1:12:30]} a6 {[%clk 1:30:26]} 15. Bf1
{[%clk 1:09:24]} g5 {[%clk 1:28:46]} 16. c5 {[%clk 1:04:25]} dxc5
{[%clk 1:26:35]} 17. dxc5 {[%clk 1:02:48]} Nf8 {[%clk 1:22:01]} 18. Nd2
{[%clk 0:59:58]} g4 {[%clk 1:20:33]} 19. hxg4 {[%clk 0:58:03]} Bxg4
{[%clk 1:20:35]} 20. Be2 {[%clk 0:52:31]} Be6 {[%clk 1:13:32]} 21. Nc4
{[%clk 0:49:06]} Rad8 {[%clk 1:11:41]} 22. Rxd8 {[%clk 0:45:11]} Rxd8
{[%clk 1:09:42]} 23. Rd1 {[%clk 0:45:16]} Rxd1+ {[%clk 1:08:52]} 24. Qxd1
{[%clk 0:40:05]} f5 {[%clk 1:08:27]} 25. exf5 {[%clk 0:39:42]} Bxf5
{[%clk 1:08:30]} 26. Bg4 {[%clk 0:39:31]} Bg6 {[%clk 1:06:46]} 27. Nd6
{[%clk 0:35:54]} e4 {[%clk 1:06:00]} 28. Nxf7+ {[%clk 0:32:15]} Qxf7
{[%clk 1:04:12]} 29. Bd4 {[%clk 0:32:08]} Qc4 {[%clk 1:02:14]} 30. Bxg7+
{[%clk 0:31:56]} Kxg7 {[%clk 1:02:17]} 31. Qd2 {[%clk 0:30:14]} e3
{[%clk 0:58:48]} 32. Be2 {[%clk 0:30:13]} exd2 {[%clk 0:58:21]} 33. Bxc4
{[%clk 0:30:18]} Bc2 {[%clk 0:58:23]} 34. Be2 {[%clk 0:30:15]} Ne6
{[%clk 0:56:42]} 35. f3 {[%clk 0:25:12]} Nf4 {[%clk 0:54:41]} 36. Kf2
{[%clk 0:18:59]} Nd5 {[%clk 0:54:36]} 37. Nd1 {[%clk 0:18:23]} Bxd1
{[%clk 0:54:28]} 38. Bxd1 {[%clk 0:18:30]} Nc3 {[%clk 0:54:32]} 39. Ke3
{[%clk 0:17:27]} Nxd1+ {[%clk 0:53:45]} 40. Kxd2 {[%clk 0:17:30]} Nf2
{[%clk 0:53:01]} 41. Ke3 {[%clk 0:15:57]} Nh1 {[%clk 0:53:04]} 42. g4
{[%clk 0:12:05]} h5 {[%clk 0:52:20]} 43. gxh5 {[%clk 0:11:53]} Ng3
{[%clk 0:52:23]} 44. Kf4 {[%clk 0:11:49]} Ne2+ {[%clk 0:24:04]} 45. Ke5
{[%clk 0:11:54]} Nc3 {[%clk 0:24:07]} 46. Ke6 {[%clk 0:09:10]} Nb5
{[%clk 0:22:14]} 47. a4 {[%clk 0:01:29]} Nd4+ {[%clk 0:17:33]} 48. Kd7
{[%clk 0:01:35]} Nc2 {[%clk 0:04:48]} 49. Kc7 {[%clk 0:01:23]} Nxb4
{[%clk 0:04:25]} 50. Kxb7 {[%clk 0:01:30]} Kh6 {[%clk 0:04:10]} 51. Kb6
{[%clk 0:01:28]} Kxh5 {[%clk 0:04:08]} 52. Ka5 {[%clk 0:01:33]} Nd3
{[%clk 0:03:27]} 53. Kxa6 {[%clk 0:01:18]} Nxc5+ {[%clk 0:03:06]} 54. Kb6
{[%clk 0:01:23]} Nxa4+ {[%clk 0:03:09]} 55. Kxc6 {[%clk 0:01:31]} Nc3 1/2-1/2

[Event "HSG Open 2016"]
[Site "Hilversum"]
[Date "2016.06.19"]
[Round "6.1"]
[White "Ten Hertog, Hugo"]
[Black "Dgebuadze, Alexandre"]
[Result "1/2-1/2"]
[BlackElo "2510"]
[WhiteElo "2447"]
[LiveChessVersion "1.4.8"]

1. c4 {[%clk 1:50:09]} e5 {[%clk 1:48:48]} 2. Nc3 {[%clk 1:48:52]} Nc6
{[%clk 1:48:47]} 3. g3 {[%clk 1:48:54]} Bc5 {[%clk 1:45:30]} 4. Bg2
{[%clk 1:48:55]} Nge7 {[%clk 1:44:00]} 5. e3 {[%clk 1:46:00]} d6 {[%clk 1:43:41]}
6. Nge2 {[%clk 1:45:57]} a6 {[%clk 1:41:27]} 7. O-O {[%clk 1:43:43]} Bb6
{[%clk 1:36:48]} 8. a3 {[%clk 1:31:15]} h5 {[%clk 1:26:07]} 9. b4
{[%clk 1:26:34]} Be6 {[%clk 1:19:42]} 10. Nd5 {[%clk 1:24:15]} Qd7
{[%clk 1:17:10]} 11. Nec3 {[%clk 0:51:36]} Bh3 {[%clk 0:59:43]} 12. Bxh3
{[%clk 0:42:40]} Qxh3 {[%clk 0:59:42]} 13. a4 {[%clk 0:36:54]} Nxd5
{[%clk 0:46:29]} 14. Nxd5 {[%clk 0:34:08]} Ne7 {[%clk 0:43:43]} 15. Nxe7
{[%clk 0:33:34]} Kxe7 {[%clk 0:43:44]} 16. d4 {[%clk 0:29:50]} c6
{[%clk 0:36:24]} 17. a5 {[%clk 0:22:41]} Bc7 {[%clk 0:30:13]} 18. d5
{[%clk 0:22:12]} f5 {[%clk 0:19:23]} 19. c5 {[%clk 0:15:18]} Qg4 {[%clk 0:14:29]}
20. f3 {[%clk 0:10:02]} Qg6 {[%clk 0:13:59]} 21. e4 {[%clk 0:04:29]} fxe4
{[%clk 0:10:43]} 22. f4 {[%clk 0:04:27]} dxc5 {[%clk 0:08:13]} 23. bxc5
{[%clk 0:01:58]} cxd5 {[%clk 0:07:46]} 24. Qxd5 {[%clk 0:02:05]} Qc6
{[%clk 0:07:25]} 25. Qc4 {[%clk 0:01:17]} Raf8 {[%clk 0:01:42]} 26. f5
{[%clk 0:01:25]} Kd7 {[%clk 0:01:48]} 27. Bg5 {[%clk 0:01:16]} Kc8
{[%clk 0:01:55]} 28. Rae1 {[%clk 0:00:46]} Bxa5 {[%clk 0:01:01]} 29. Be7
{[%clk 0:00:23]} Re8 {[%clk 0:00:35]} 30. f6 {[%clk 0:00:31]} gxf6
{[%clk 0:00:26]} 31. Rxf6 {[%clk 0:00:32]} Qd7 {[%clk 0:00:30]} 32. c6
{[%clk 0:00:23]} Qxe7 {[%clk 0:00:14]} 33. cxb7+ {[%clk 0:00:28]} Kb8
{[%clk 0:00:21]} 34. Qxa6 {[%clk 0:00:18]} Qc5+ {[%clk 0:00:25]} 35. Kh1
{[%clk 0:00:20]} Qa7 {[%clk 0:00:33]} 36. Qxa7+ {[%clk 0:00:19]} Kxa7
{[%clk 0:00:41]} 37. Ra1 {[%clk 0:00:28]} Kxb7 {[%clk 0:00:40]} 38. Rxa5
{[%clk 0:00:37]} e3 {[%clk 0:00:39]} 39. Ra2 {[%clk 0:00:29]} Rhf8
{[%clk 0:00:33]} 40. Rxf8 {[%clk 0:00:29]} Rxf8 {[%clk 0:00:42]} 41. Kg2
{[%clk 0:00:14]} e4 {[%clk 0:00:47]} 42. Ra4 {[%clk 0:00:11]} Rf2+
{[%clk 0:00:41]} 43. Kg1 {[%clk 0:00:17]} Re2 {[%clk 0:00:25]} 44. Rxe4
{[%clk 0:00:19]} Kc6 {[%clk 0:00:34]} 45. Kf1 {[%clk 0:00:13]} Rxh2
{[%clk 0:00:27]} 46. Rxe3 {[%clk 0:00:20]} Kd5 {[%clk 0:00:22]} 47. Re2
{[%clk 0:00:18]} Rxe2 1/2-1/2

[Event "HSG Open 2016"]
[Site "Hilversum"]
[Date "2016.06.19"]
[Round "6.2"]
[White "Leenhouts, Koen"]
[Black "Kokje, Joris"]
[Result "1-0"]
[BlackElo "2164"]
[WhiteElo "2488"]
[LiveChessVersion "1.4.8"]

1. d4 Nf6 2. c4 g6 3. Nc3 Bg7 4. e4 d6 5. f3 O-O 6. Be3 c5 7. Nge2 Nc6 8. d5 Ne5
9. Ng3 e6 10. Be2 exd5 11. cxd5 a6 12. a4 Rb8 13. O-O h5 14. h3 Qb6 15. Qc2 Qb4
16. Na2 Qa5 17. f4 Ned7 18. Nc3 Re8 19. e5 dxe5 20. f5 e4 21. d6 Ne5 22. Bg5 Nh7
23. Be7 h4 24. fxg6 fxg6 25. Ngxe4 Bf5 26. Bg4 Nxg4 27. hxg4 Bxg4 28. Nf6+ Nxf6
29. Bxf6 Bf5 30. Rxf5 gxf5 31. Qb3+ c4 32. Qxc4+ Kf8 33. Be7+ Rxe7 34. dxe7+ Kxe7
35. Nd5+ Ke8 36. b4 Qd8 37. Nc7+ Ke7 38. Re1+ Kf6 39. Qxh4+ Kg6 40. Re6+ Bf6 41.
Nd5 Qxd5 42. Rxf6+ Kg7 43. Qg5+ Kh7 44. Rh6# 1-0

[Event "HSG Open 2016"]
[Site "Hilversum"]
[Date "2016.06.19"]
[Round "6.3"]
[White "Van de Griendt, Jan Willem"]
[Black "Pruijssers, Roeland"]
[Result "1-0"]
[BlackElo "2465"]
[WhiteElo "2342"]
[LiveChessVersion "1.4.8"]

1. d4 {[%clk 1:44:43]} f5 {[%clk 1:50:09]} 2. c4 {[%clk 1:44:44]} Nf6
{[%clk 1:50:12]} 3. Nf3 {[%clk 1:42:57]} g6 {[%clk 1:50:03]} 4. Bf4
{[%clk 1:43:01]} Bg7 {[%clk 1:49:37]} 5. e3 {[%clk 1:41:44]} d6 {[%clk 1:48:59]}
6. h3 {[%clk 1:41:46]} O-O {[%clk 1:47:49]} 7. Bh2 {[%clk 1:38:16]} c5
{[%clk 1:38:03]} 8. Nbd2 {[%clk 1:29:04]} Na6 {[%clk 1:30:45]} 9. Be2
{[%clk 1:23:03]} h6 {[%clk 1:30:10]} 10. a3 {[%clk 1:03:01]} Qe8 {[%clk 1:28:30]}
11. b4 {[%clk 0:59:30]} b6 {[%clk 1:26:34]} 12. Qc2 {[%clk 0:41:50]} Bd7
{[%clk 1:23:24]} 13. b5 {[%clk 0:41:46]} Nc7 {[%clk 1:22:53]} 14. O-O
{[%clk 0:41:26]} g5 {[%clk 1:14:28]} 15. Bd3 {[%clk 0:36:41]} Nh5
{[%clk 1:10:44]} 16. Rad1 {[%clk 0:34:13]} e5 {[%clk 1:05:23]} 17. dxe5
{[%clk 0:31:46]} dxe5 {[%clk 1:05:24]} 18. Be2 {[%clk 0:29:20]} Rd8
{[%clk 0:42:09]} 19. Rfe1 {[%clk 0:18:57]} g4 {[%clk 0:32:18]} 20. hxg4
{[%clk 0:18:03]} fxg4 {[%clk 0:32:18]} 21. Nh4 {[%clk 0:17:51]} Qf7
{[%clk 0:31:56]} 22. Rf1 {[%clk 0:17:00]} Qf6 {[%clk 0:24:58]} 23. Bg3
{[%clk 0:13:26]} Qe6 {[%clk 0:10:37]} 24. Bd3 {[%clk 0:11:41]} Be8
{[%clk 0:10:13]} 25. Bf5 {[%clk 0:07:26]} Qe7 {[%clk 0:10:06]} 26. Ne4
{[%clk 0:03:49]} Rxd1 {[%clk 0:07:23]} 27. Rxd1 {[%clk 0:03:53]} Nxg3
{[%clk 0:07:08]} 28. fxg3 {[%clk 0:03:43]} Bf6 {[%clk 0:07:00]} 29. Nxf6+
{[%clk 0:02:48]} Rxf6 {[%clk 0:06:50]} 30. Bxg4 {[%clk 0:02:27]} h5
{[%clk 0:05:18]} 31. Bf5 {[%clk 0:02:13]} Ne6 {[%clk 0:05:00]} 32. Nf3
{[%clk 0:01:51]} Ng7 {[%clk 0:04:35]} 33. Be4 {[%clk 0:01:59]} Bd7
{[%clk 0:03:17]} 34. Rd5 {[%clk 0:01:54]} Nf5 {[%clk 0:02:56]} 35. Rxe5
{[%clk 0:01:51]} Qf8 {[%clk 0:02:59]} 36. Qd3 {[%clk 0:01:38]} Rd6
{[%clk 0:02:45]} 37. Rd5 {[%clk 0:01:41]} Be6 {[%clk 0:02:18]} 38. Bxf5
{[%clk 0:01:23]} Bxd5 {[%clk 0:02:06]} 39. cxd5 {[%clk 0:01:29]} Qf6
{[%clk 0:02:14]} 40. e4 {[%clk 0:01:22]} Qa1+ {[%clk 0:02:20]} 41. Kh2
{[%clk 0:01:31]} Rh6 {[%clk 0:02:24]} 42. Qe3 {[%clk 0:01:32]} Qg7
{[%clk 0:02:11]} 43. e5 {[%clk 0:01:29]} c4 {[%clk 0:02:12]} 44. d6
{[%clk 0:01:35]} Qf8 {[%clk 0:01:38]} 45. Qg5+ {[%clk 0:01:40]} Kh8
{[%clk 0:01:46]} 46. d7 {[%clk 0:01:47]} c3 {[%clk 0:01:23]} 47. d8=Q
{[%clk 0:01:51]} c2 {[%clk 0:01:30]} 48. Qxf8# {[%clk 0:01:56]} 1-0

[Event "HSG Open 2016"]
[Site "Hilversum"]
[Date "2016.06.19"]
[Round "6.4"]
[White "Beeke, Bob"]
[Black "Hendriks, Willy"]
[Result "1/2-1/2"]
[BlackElo "2406"]
[WhiteElo "2259"]
[LiveChessVersion "1.4.8"]

1. d4 c5 2. c3 b6 3. Nf3 Nf6 4. dxc5 bxc5 5. e4 Bb7 6. e5 Nd5 7. Bd3 e6 8. O-O
Be7 9. Na3 Nc6 10. Nc4 f5 11. Bg5 O-O 12. Nd6 Rb8 13. Nxb7 Rxb7 14. Bc1 Qc7 15.
Re1 Nd8 16. Re2 h6 17. Bc4 Nb6 18. Ba6 Rb8 19. a4 Nf7 20. a5 Na8 21. h4 Qc6 22.
Bc4 g5 23. hxg5 hxg5 24. Qa4 Qxa4 25. Rxa4 Kg7 26. Ne1 Rh8 27. f4 Nc7 28. Rd2
Rhd8 29. Re2 d5 30. exd6 Rxd6 31. Be3 Rd1 32. Kf2 Nh6 33. Kf3 Ng4 34. Nd3 Rd8 35.
Rd2 Nxe3 36. Kxe3 gxf4+ 37. Ke2 Rxd2+ 38. Kxd2 e5 39. Ke2 Bd6 40. Ra3 e4 41. Ne1
Rb8 42. Rb3 {[%clk 0:00:00]} Rxb3 43. Bxb3 Kf6 44. Bc4 Ne6 45. a6 Ng5 46. Bd5 Nf7
47. Bb7 Ne5 48. Bd5 c4 49. Nc2 Bc5 50. Nd4 Nd3 51. Bxc4 Nxb2 52. Nb3 Bb6 53. Bb5
Ke5 54. Nd2 Ba5 55. Nc4+ Nxc4 56. Bxc4 Bxc3 57. Bb5 Bd4 58. Bd7 Kf6 59. Bc8 Kg5
60. Bd7 Kg4 61. Bc8 Bb6 62. Bd7 Kg5 63. Bc8 Bc7 1/2-1/2

[Event "HSG Open 2016"]
[Site "Hilversum"]
[Date "2016.06.19"]
[Round "6.5"]
[White "Brink, Barry"]
[Black "Beerdsen, Thomas"]
[Result "0-1"]
[BlackElo "2396"]
[WhiteElo "2324"]
[LiveChessVersion "1.4.8"]

1. Nf3 d5 2. b3 Nf6 3. Bb2 g6 4. c4 c6 5. e3 Bg7 6. Be2 O-O 7. O-O Nbd7 8. d4 Ne4
9. Nbd2 Ndf6 10. Nxe4 Nxe4 11. Nd2 f5 12. f3 Nc5 13. Qc2 Ne6 14. cxd5 cxd5 15. f4
Bd7 16. Nf3 a5 17. Rfc1 Qb6 18. a4 Rfc8 19. Qd1 Rc6 20. Rc3 Rac8 21. Rac1 R8c7
22. h4 Bf6 23. g3 h6 24. Kg2 Kf7 25. Ne1 Qa7 26. Bf3 Rxc3 27. Rxc3 Bc6 28. Rc1 g5
29. hxg5 hxg5 30. Bh5+ Kg7 31. Qd3 Bd7 32. fxg5 Bxg5 33. Nf3 Rxc1 34. Bxc1 Qb8
35. Ne5 Nc5 36. Qc3 Ne4 37. Qxa5 Qc8 38. Qe1 Qc2+ 39. Be2 Be8 40. Kh3 Qxb3 41.
Bf3 Qxa4 42. g4 Bf6 43. gxf5 Ng5+ 44. Kg3 Bxe5+ 45. dxe5 Qh4+ 0-1